000 00698nam a2200217Ia 4500
003 OSt
005 20251110123347.0
008 220923b |||||||| |||| 00| 0 eng d
020 _a0415063949
037 _cGeneral Book
040 _aRTL
_cRTL
_beng
041 _2eng
_aeng
084 _aY:3(P), N2
_qRTL
100 _aTaylor, Talbot J.
_9140920
245 0 _aMutual misunderstanding: scepticism and the theorizing of language and interpretation
_b
260 _aLondon
_bRoutledge
_c1992
300 _axii, 266 p.
_bIncludes bibliographical references and index.
500 _aBibliography: P 259-62
942 _hY:3(P), N2
_cGB
_2CC
_n0
999 _c579425
_d579425